Los españoles y la inseguridad ciudadana
| Otros Autores: | |
|---|---|
| Tipo de documento: | Print Libro |
| Lenguaje: | Español |
| Publicado: |
Madrid
Centro de Investigaciones Sociológicas
[circa 1996]
|
| En: |
Opiniones y actitudes (12)
Año: 1996 |
| Disponibilidad en Tübingen: | Disponible en Tübingen. UB: KB 8 E 7659 |
| Verificar disponibilidad: | HBZ Gateway |
| Servicio de pedido Subito: | Pedir ahora. |
MARC
| LEADER | 00000cam a2200000 c 4500 | ||
|---|---|---|---|
| 001 | 1148671862 | ||
| 003 | DE-627 | ||
| 005 | 20220518121149.0 | ||
| 007 | tu | ||
| 008 | 990714s1996 xx ||||| 00| ||spa c | ||
| 020 | |a 8474762464 |9 84-7476-246-4 | ||
| 035 | |a (DE-627)1148671862 | ||
| 035 | |a (DE-576)078671868 | ||
| 035 | |a (DE-599)BSZ078671868 | ||
| 035 | |a (OCoLC)38180422 | ||
| 040 | |a DE-627 |b ger |c DE-627 |e rakwb | ||
| 041 | |a spa | ||
| 245 | 0 | 4 | |a Los españoles y la inseguridad ciudadana |c red.: Carmen Ruidíaz García |
| 264 | 1 | |a Madrid |b Centro de Investigaciones Sociológicas |c [circa 1996] | |
| 300 | |a 68 S. | ||
| 336 | |a Text |b txt |2 rdacontent | ||
| 337 | |a ohne Hilfsmittel zu benutzen |b n |2 rdamedia | ||
| 338 | |a Band |b nc |2 rdacarrier | ||
| 490 | 1 | |a Opiniones y actitudes / Centro de Investigaciones Sociológicas |v 12 | |
| 583 | 1 | |a Archivierung prüfen |c 20200919 |f DE-640 |z 1 |2 pdager | |
| 700 | 1 | |a Ruidíaz García, Carmen |e Hrsg. |0 (DE-627)1248900499 |0 (DE-576)178900494 |4 edt | |
| 810 | 2 | |a Centro de Investigaciones Sociológicas |g Madrid |t Opiniones y actitudes |v 12 |9 12 |w (DE-627)1148671617 |w (DE-576)078671612 |7 am | |
| 951 | |a BO | ||
| ELC | |b 1 | ||
| LOK | |0 000 xxxxxcx a22 zn 4500 | ||
| LOK | |0 001 2361146320 | ||
| LOK | |0 003 DE-627 | ||
| LOK | |0 004 1148671862 | ||
| LOK | |0 005 19990714000000 | ||
| LOK | |0 008 990714||||||||||||||||ger||||||| | ||
| LOK | |0 040 |a DE-21 |c DE-627 |d DE-21 | ||
| LOK | |0 852 |a DE-21 | ||
| LOK | |0 852 1 |c KB 8 E 7659 |9 00 | ||
| LOK | |0 935 |a krim | ||
| LOK | |0 936ln |a k6.6 | ||
| LOK | |0 939 |a 14-07-99 |b l01 | ||
| ORI | |a SA-MARC-krimdoka001.raw | ||
| SIG | |a UB: KB 8 E 7659 | ||
